logo

Bir Sreshtho Munshi Abdur Rouf Library
Jhenaidah Cadet College

The Polar World / (Record no. 4835)

MARC details
000 -LEADER
fixed length control field 00542nam a2200217 a 4500
001 - CONTROL NUMBER
JCCL Control Number 4835
003 - CONTROL NUMBER IDENTIFIER
JCCL marc code BD-JhCC
005 - DATE AND TIME OF LATEST TRANSACTION
control field 20180925115221.0
008 - FIXED-LENGTH DATA ELEMENTS--GENERAL INFORMATION
fixed length control field 171204b19641965enka|||| ||a| 001 0 eng d
035 ## - SYSTEM CONTROL NUMBER
system control number (BD-JhCC)4835
040 ## - CATALOGING SOURCE
Original cataloging agency BD-JhCC
Modifying agency BD-JhCC
041 ## - LANGUAGE CODE
Language code of Book eng
082 ## - DEWEY DECIMAL CLASSIFICATION NUMBER
Classification number 919
Author mark and Year BAI 1964
100 ## - MAIN ENTRY--PERSONAL NAME
Personal name Baird, Patrick D.
245 ## - TITLE STATEMENT
Title The Polar World /
Statement of responsibility, etc Patrick D. Baird
260 ## - PUBLICATION, DISTRIBUTION, ETC. (IMPRINT)
Place of publication, distribution, etc Longmans :
Name of publisher, distributor, etc Green and Co Ltd,
Date of publication, distribution, etc 1964.
300 ## - PHYSICAL DESCRIPTION
Pagination 328 p. :
Dimensions 22 cm.
Other physical details illu;
650 ## - SUBJECT ADDED ENTRY--TOPICAL TERM
Topical term or geographic name as entry element Polar Regiosn
942 ## - ADDED ENTRY ELEMENTS (KOHA)
Source of classification or shelving scheme Dewey Decimal Classification
Koha item type Books
Holdings
Source of classification or shelving scheme Damaged status Not for loan Home library Current library Shelving location Date of accession Total Checkouts Full call number Barcode Date last seen Copy number Koha item type
Dewey Decimal Classification     JCC Rouf Library JCC Rouf Library General Stacks 12/04/2017   919 BAI 1964 6465 12/04/2017 C- 1 Books

JCC Library | Contacts | JCC Home

Last Update on 23 September 2017
Copyright @ 2017-2020 JCC Rouf Library
Rouf Library, Jhenidah Cadet College (JCC), Bangladesh